| 000 | 01120nas a2200337 4500 | ||
|---|---|---|---|
| 001 | BR2021000183 | ||
| 003 | BR-BrBNA | ||
| 005 | 20231205132127.0 | ||
| 007 | ta | ||
| 008 | 230509b bl.|||p| |||| 00| 00por d | ||
| 040 |
_aBR-BrBNA _bpor _cBiblioteca Nacional de Agricultura |
||
| 041 | _a(Pt) | ||
| 072 | _aK10 | ||
| 100 | 1 | _aVendruscolo, D.G.S. | |
| 100 | 1 | _aChaves, A.G.S. | |
| 100 | 1 | _aMedeiros, R.A. | |
| 100 | 1 | _aSilva, R.S. da | |
| 100 | 1 | _aSouza, H.S. | |
| 100 | 1 | _aDrescher, R. | |
| 100 | 1 | _aLeite, H.G. | |
| 245 | 1 | _aEstimativa da altura de árvores de Tectona grandis L.f. utilizando regressão e redes neurais artificiais | |
| 650 | _aTECA | ||
| 650 | _aTECTONA GRANDIS | ||
| 650 | _aADOÇÃO DE INOVAÇÕES | ||
| 650 | _aENGENHARIA FLORESTAL | ||
| 773 | 0 |
_tNativa. Pesquisas Agrárias e Ambientais (Brazil) _xISSN 2318-7670 _g(Jan-Feb 2017), v. 5(1) p. 52-58 _wBR2021000183 |
|
| 856 | 4 | 0 | _uhttps://periodicoscientificos.ufmt.br/ojs/index.php/nativa/article/view/3738/pdf |
| 856 | 4 | 0 | _dLink DSPACE/MAPA BR2021000183 |
| 909 |
_a202311 _bLúcia _c55 _dLúcia Elande |
||
| 942 |
_2AGRIS _n0 _cANA |
||
| 999 |
_c258623 _d258623 |
||